000 00797nam a22002537a 4500
003 UA-OsUOA
001 60740
007 ta
008 20090603b un ||||| |||| 00| 0 ukr d
100 _aКондратик Л.
700 _aКондратик О.
090 _a26/28(091)(477)
_bК64
942 _cBK
040 _aUA-OsUOA
_bukr
_cUA-OsUOA
_dUA-OsUOA
245 _a"Українське християнство" Михайла Грушевського (філософсько-соціологічний аналіз)
_bМонографія
300 _a168 с.
955 _a2
041 _aukr
080 _a26/28(091)(477)
020 _a966-361-153-7
260 _aЛуцьк
_c2006
650 7 _a26 Християнська Церква загалом
_2UDC
999 _c346669
_d346669